[Event "FICGS rapid B 000269 email"]
[Site "FICGS email"]
[Date "2018.04.04"]
[Round "1"]
[White "Egert, Stefan"]
[Black "Liwat, Lowell"]
[Result "0-1"]
[WhiteElo "1800"]
[BlackElo "1900"]
[PlyCount "32"]
[EventDate "2018.??.??"]
[EventType "tourn (rapid)"]
[EventRounds "6"]
[SourceTitle "Corr 2022"]
[Source "ChessBase"]
[SourceDate "2021.10.24"]
[SourceVersion "1"]
[SourceVersionDate "2021.10.24"]
[SourceQuality "1"]

1. d4 c5 2. e4 cxd4 3. Qxd4 Nc6 4. Qd1 e5 5. Bb5 Nd4 6. Qd3 Qa5+ 7. Nc3 Bb4 8. Nge2 Nf6 9. 0-0 0-0 10. Nxd4 exd4 11. Ne2 Bc5 12. Bc4 Qc7 13. Nxd4 Ng4 14. g3 Ne5 15. Qc3 Bxd4 16. Qxd4 Nf3+ 0-1

[Event "FICGS class C 000270 email"]
[Site "FICGS email"]
[Date "2018.04.04"]
[Round "1"]
[White "Egert, Stefan"]
[Black "Romig, James"]
[Result "0-1"]
[WhiteElo "1800"]
[BlackElo "1878"]
[PlyCount "22"]
[EventDate "2018.??.??"]
[EventType "tourn (corr)"]
[EventRounds "1"]
[SourceTitle "Corr 2022"]
[Source "ChessBase"]
[SourceDate "2021.10.24"]
[SourceVersion "1"]
[SourceVersionDate "2021.10.24"]
[SourceQuality "1"]

1. d4 Nf6 2. Nc3 d5 3. h3 c5 4. e3 e6 5. Nf3 a6 6. b3 cxd4 7. Nxd4 e5 8. Nf3 Bb4 9. Bb2 Qa5 10. Qd2 Ne4 11. Qd3 Nc6 0-1

[Event "Deggendorf op 3rd"]
[Site "Deggendorf"]
[Date "2010.09.04"]
[Round "2"]
[White "Egert, Stefan"]
[Black "Schmidt, Franz"]
[Result "0-1"]
[WhiteElo "1974"]
[BlackElo "1724"]
[PlyCount "63"]
[EventDate "2010.09.03"]
[EventType "swiss"]
[EventRounds "5"]
[EventCountry "GER"]
[SourceTitle "CBM 138 Extra"]
[Source "ChessBase"]
[SourceDate "2010.10.29"]
[SourceVersion "1"]
[SourceVersionDate "2010.10.29"]
[SourceQuality "1"]

1. e4 e5 2. Nc3 Nc6 3. f4 exf4 4. Nf3 g5 5. Bc4 Bg7 6. 0-0 d6 7. d3 h6 8. h3 Nge7 9. a3 0-0 10. Ne2 Ng6 11. c3 Nce5 12. Nxe5 dxe5 13. Kh1 g4 14. Ng1 Qh4 15. Qe1 gxh3 16. gxh3 Qxe1 17. Rxe1 Kh7 18. Bd2 f5 19. Re2 fxe4 20. dxe4 Bd7 21. Kh2 Bc6 22. Nf3 Be8 23. Rg1 Bf7 24. Bd3 Rad8 25. Bc2 Rg8 26. Reg2 Bf6 27. Be1 Nh8 28. Rf1 Rxg2+ 29. Kxg2 Ng6 30. Kh2 Bc4 31. Rf2 Bd3 32. Nxe5 0-1

[Event "Deggendorf op 3rd"]
[Site "Deggendorf"]
[Date "2010.09.04"]
[Round "3"]
[White "Haimerl, Willibald"]
[Black "Egert, Stefan"]
[Result "0-1"]
[WhiteElo "1614"]
[BlackElo "1974"]
[PlyCount "124"]
[EventDate "2010.09.03"]
[EventType "swiss"]
[EventRounds "5"]
[EventCountry "GER"]
[SourceTitle "CBM 138 Extra"]
[Source "ChessBase"]
[SourceDate "2010.10.29"]
[SourceVersion "1"]
[SourceVersionDate "2010.10.29"]
[SourceQuality "1"]

1. e4 e5 2. Nf3 Nc6 3. Bb5 Bc5 4. c3 Nf6 5. 0-0 0-0 6. d4 exd4 7. cxd4 Bb6 8. Nc3 a6 9. Ba4 d6 10. h3 h6 11. Re1 Ba5 12. Bd2 b5 13. Bc2 Nb4 14. Bb1 c5 15. a3 Nc6 16. Ne2 Re8 17. Ng3 cxd4 18. Bxa5 Qxa5 19. b4 Qb6 20. Qc2 Ne5 21. Nh4 Be6 22. Nhf5 Rac8 23. Qd2 Bxf5 24. Nxf5 Nc4 25. Qxd4 Qxd4 26. Nxd4 Nd2 27. f3 g6 28. Ba2 Rc3 29. Ne2 Rc6 30. Nf4 Kg7 31. Red1 Rc2 32. Bd5 Nxd5 33. Nxd5 Rec8 34. Ne3 Rb2 35. a4 Nb3 36. Ra3 Rc3 37. Re1 Rd3 38. axb5 axb5 39. Kh2 Rd4 40. Ra6 Nd2 41. Kg3 Rb3 42. Rb6 Nc4 43. Nxc4 bxc4 44. Ra1 Rxe4 45. Rxd6 Re5 46. Kf4 Rf5+ 47. Ke4 Rxb4 48. Kd4 Rb2 49. Kxc4 Rxg2 50. Rd3 Rg3 51. Rf1 Rxh3 52. f4 Rxd3 53. Kxd3 g5 54. Ke4 Rxf4+ 55. Rxf4 gxf4 56. Kxf4 Kg6 57. Kg4 f6 58. Kg3 Kg5 59. Kf3 h5 60. Kg3 f5 61. Kh3 Kf4 62. Kg2 Ke3 0-1

[Event "Deggendorf op 3rd"]
[Site "Deggendorf"]
[Date "2010.09.03"]
[Round "1"]
[White "Rohne, Niklas"]
[Black "Egert, Stefan"]
[Result "0-1"]
[WhiteElo "1408"]
[BlackElo "1974"]
[PlyCount "60"]
[EventDate "2010.09.03"]
[EventType "swiss"]
[EventRounds "5"]
[EventCountry "GER"]
[SourceTitle "CBM 138 Extra"]
[Source "ChessBase"]
[SourceDate "2010.10.29"]
[SourceVersion "1"]
[SourceVersionDate "2010.10.29"]
[SourceQuality "1"]

1. d4 Nf6 2. c4 c5 3. e3 e6 4. Nc3 d6 5. Nf3 d5 6. Be2 Nc6 7. 0-0 Be7 8. a3 0-0 9. Rb1 dxc4 10. Bxc4 b5 11. d5 exd5 12. Bxd5 Nxd5 13. Nxd5 Bd6 14. h3 Be6 15. e4 Re8 16. Re1 h6 17. Bf4 Bxf4 18. Nxf4 Qc7 19. Nxe6 Rxe6 20. Qc2 Qe7 21. Rbd1 Re8 22. Nd2 c4 23. f3 Rg6 24. Nf1 Ne5 25. Nh2 Nd3 26. Re2 Nf4 27. Red2 Nxh3+ 28. Kh1 Nf4 29. Rg1 Qh4 30. Rd4 Nd3 0-1

[Event "Oberpfalz-ch M1"]
[Site "Kelheim"]
[Date "2009.04.06"]
[Round "5"]
[White "Egert, Stefan"]
[Black "Noeckler, Alexander"]
[Result "0-1"]
[WhiteElo "1799"]
[BlackElo "2007"]
[PlyCount "80"]
[EventDate "2009.04.04"]
[EventType "swiss"]
[EventRounds "8"]
[EventCountry "GER"]
[SourceTitle "EXT 2022"]
[Source "ChessBase"]
[SourceDate "2021.10.06"]
[SourceVersion "1"]
[SourceVersionDate "2021.10.06"]
[SourceQuality "1"]

1. e4 c5 2. Nc3 d6 3. d3 Nf6 4. g3 e5 5. Bg2 Be7 6. f4 Bd7 7. Nh3 b5 8. 0-0 b4 9. Nd5 Nxd5 10. exd5 exf4 11. Nxf4 0-0 12. Be3 Qc8 13. Qd2 Bf6 14. Rab1 Be8 15. Nh5 Be5 16. Kh1 Nd7 17. d4 cxd4 18. Bxd4 Qc4 19. Bxe5 Nxe5 20. Rbe1 Qg4 21. Nf4 a5 22. Re4 Qg5 23. Qf2 Bb5 24. Rfe1 Rac8 25. Nh3 Qd8 26. Rh4 Bd7 27. Qe2 Rc5 28. Be4 f5 29. Bg2 h6 30. Nf4 Re8 31. Qf2 Qf6 32. Nh5 Qf7 33. Nf4 Kh7 34. Rxe5 Rxe5 35. Nd3 Rcxd5 36. Nxe5 Rxe5 37. Bh3 Qxa2 38. Bf1 Qxb2 39. Rd4 Bc6+ 40. Kg1 Be4 0-1

[Event "Regionalliga NO 0809"]
[Site "Bayern"]
[Date "2009.01.18"]
[Round "5.8"]
[White "Schwab, Edgar"]
[Black "Egert, Stefan"]
[Result "1/2-1/2"]
[WhiteElo "1865"]
[BlackElo "1835"]
[PlyCount "71"]
[EventDate "2008.10.05"]
[EventType "team-tourn"]
[EventRounds "9"]
[EventCountry "GER"]
[SourceTitle "EXT 2020"]
[Source "ChessBase"]
[SourceDate "2019.10.17"]
[SourceVersion "1"]
[SourceVersionDate "2019.10.17"]
[SourceQuality "1"]
[WhiteTeam "Forchheim II"]
[BlackTeam "Dietfurt"]
[WhiteTeamCountry "GER"]
[BlackTeamCountry "GER"]

1. Nf3 Nf6 2. d4 c5 3. g3 e6 4. Bg2 Nc6 5. 0-0 d5 6. b3 Bd7 7. a4 Rc8 8. c3 Be7 9. dxc5 Bxc5 10. b4 Bd6 11. Nd4 a6 12. Nxc6 Bxc6 13. Qb3 b5 14. a5 0-0 15. Be3 Nd7 16. Nd2 Bb7 17. Rac1 Ne5 18. Qd1 Nc4 19. Nxc4 Rxc4 20. f4 Qe7 21. Qd2 Rfc8 22. Rfd1 Qc7 23. Bb6 Qc6 24. e4 Bxb4 25. exd5 exd5 26. Bxd5 Qxd5 27. Qxd5 Bxd5 28. Rxd5 Rxc3 29. Rcd1 Rc1 30. Rd8+ Rxd8 31. Rxc1 Ra8 32. Kf2 Kf8 33. Rc7 Ke8 34. Ke3 Bd6 35. Rb7 b4 36. Kd3 1/2-1/2

[Event "Regionalliga NO 0809"]
[Site "Bayern"]
[Date "2008.12.14"]
[Round "4.8"]
[White "Egert, Stefan"]
[Black "Lutz, Rainer"]
[Result "1/2-1/2"]
[WhiteElo "1835"]
[BlackElo "1883"]
[PlyCount "126"]
[EventDate "2008.10.05"]
[EventType "team-tourn"]
[EventRounds "9"]
[EventCountry "GER"]
[SourceTitle "EXT 2020"]
[Source "ChessBase"]
[SourceDate "2019.10.17"]
[SourceVersion "1"]
[SourceVersionDate "2019.10.17"]
[SourceQuality "1"]
[WhiteTeam "Dietfurt"]
[BlackTeam "Bechhofen"]
[WhiteTeamCountry "GER"]
[BlackTeamCountry "GER"]

1. e4 e6 2. d4 b6 3. Nf3 Bb7 4. Nc3 Bb4 5. e5 d5 6. a3 Be7 7. Be2 c5 8. 0-0 Nc6 9. Bf4 Rc8 10. Nb5 a6 11. Nd6+ Bxd6 12. exd6 Nf6 13. c4 cxd4 14. cxd5 Nxd5 15. Bg3 0-0 16. Nxd4 Nxd4 17. Qxd4 b5 18. Rac1 Qd7 19. h3 f6 20. Bf3 Kh8 21. Bxd5 Bxd5 22. Rc7 Rxc7 23. dxc7 Qc6 24. Qb4 Kg8 25. Rd1 Kf7 26. Qd2 Rc8 27. Rc1 Qb7 28. Rc5 Ke7 29. Qb4 Ke8 30. Qg4 Kf7 31. Qd4 Ke7 32. Qd3 g6 33. Qd4 Kf7 34. Bh4 g5 35. Bg3 h5 36. h4 Kg6 37. hxg5 fxg5 38. Qd3+ Kh6 39. Qe3 b4 40. Bh4 Rxc7 41. Qxg5+ Kh7 42. Qxh5+ Kg8 43. Rxc7 Qxc7 44. Qg6+ Qg7 45. Qxg7+ Kxg7 46. axb4 Kg6 47. Kh2 Kh5 48. Kg3 Kg6 49. f3 Kf5 50. Kf2 Ke5 51. Ke3 Bc4 52. g3 Bd5 53. Be7 Kf5 54. Bc5 Ke5 55. g4 Kf6 56. Kf4 Kf7 57. Bd4 Bc4 58. Ke3 Bb5 59. f4 Bc4 60. f5 exf5 61. gxf5 Bb5 62. Kf4 Bd3 63. Ke5 Bb5 1/2-1/2

[Event "Regionalliga NO 0809"]
[Site "Bayern"]
[Date "2008.11.30"]
[Round "3.8"]
[White "Kappl, Peter"]
[Black "Egert, Stefan"]
[Result "1/2-1/2"]
[WhiteElo "1919"]
[BlackElo "1835"]
[PlyCount "122"]
[EventDate "2008.10.05"]
[EventType "team-tourn"]
[EventRounds "9"]
[EventCountry "GER"]
[SourceTitle "EXT 2020"]
[Source "ChessBase"]
[SourceDate "2019.10.17"]
[SourceVersion "1"]
[SourceVersionDate "2019.10.17"]
[SourceQuality "1"]
[WhiteTeam "Kareth Lappersdorf"]
[BlackTeam "Dietfurt"]
[WhiteTeamCountry "GER"]
[BlackTeamCountry "GER"]

1. e4 e5 2. Nf3 Nc6 3. Bb5 a6 4. Ba4 Nf6 5. 0-0 d6 6. Re1 b5 7. Bb3 Be7 8. c3 Na5 9. Bc2 c5 10. d4 cxd4 11. cxd4 Nc6 12. d5 Na5 13. Nbd2 Bg4 14. b4 Nc4 15. Nxc4 bxc4 16. Ba4+ Bd7 17. Bd2 Bb5 18. Bxb5+ axb5 19. a4 bxa4 20. Rxa4 0-0 21. Bc3 Qb6 22. Nd2 Ng4 23. Re2 Qc7 24. h3 Nf6 25. Re1 Nd7 26. Ra5 Bg5 27. Nf3 Be7 28. Qc2 Qb7 29. Rea1 Rxa5 30. Rxa5 Bd8 31. Ra3 Bb6 32. Nd2 Rc8 33. Qa2 Nf6 34. Kf1 h6 35. f3 Be3 36. Nxc4 Qb5 37. Ke2 Rxc4 38. Kxe3 Qb6+ 39. Kd3 Rc8 40. Ra8 Qb5+ 41. Kd2 Rxa8 42. Qxa8+ Kh7 43. Qc6 Qf1 44. Qxd6 Qxg2+ 45. Kc1 Qf1+ 46. Kb2 Qxf3 47. Qxe5 Qg2+ 48. Kb3 Nxe4 49. d6 Nxc3 50. Kxc3 Qf1 51. Qe7 Qf3+ 52. Kd4 Qf2+ 53. Kc4 Qc2+ 54. Kd5 Qb3+ 55. Kc5 Qc3+ 56. Kb5 Qd3+ 57. Kc6 Qc4+ 58. Kd7 Qb5+ 59. Kc8 Qa6+ 60. Kd8 Qa8+ 61. Kd7 Qa4+ 1/2-1/2

[Event "Regionalliga NO 0809"]
[Site "Bayern"]
[Date "2008.10.26"]
[Round "2.6"]
[White "Egert, Stefan"]
[Black "Bunk, Karsten"]
[Result "0-1"]
[WhiteElo "1835"]
[BlackElo "2010"]
[PlyCount "84"]
[EventDate "2008.10.05"]
[EventType "team-tourn"]
[EventRounds "9"]
[EventCountry "GER"]
[SourceTitle "EXT 2020"]
[Source "ChessBase"]
[SourceDate "2019.10.17"]
[SourceVersion "1"]
[SourceVersionDate "2019.10.17"]
[SourceQuality "1"]
[WhiteTeam "Dietfurt"]
[BlackTeam "Nuernberg Sued SW"]
[WhiteTeamCountry "GER"]
[BlackTeamCountry "GER"]

1. e4 c5 2. Nc3 e6 3. g3 b6 4. Bg2 Bb7 5. f4 d6 6. d3 Nd7 7. Nge2 a6 8. 0-0 Ngf6 9. h3 Qc7 10. Be3 g6 11. Qd2 Bg7 12. Rab1 0-0 13. g4 Rfe8 14. f5 exf5 15. gxf5 Ne5 16. Bh6 Nh5 17. Bxg7 Kxg7 18. Nf4 Nf6 19. Ncd5 Bxd5 20. Nxd5 Nxd5 21. exd5 f6 22. Qf2 g5 23. Be4 h5 24. Qg2 Kf7 25. Kf2 Rh8 26. Rg1 Rag8 27. Ke2 b5 28. Rbc1 b4 29. Qf1 Qa5 30. Ra1 Qb5 31. Kd2 Re8 32. a4 bxa3 33. Rxa3 Qb4+ 34. Kc1 Rb8 35. Rb3 Qd4 36. Rxb8 Rxb8 37. c3 Qe3+ 38. Kc2 c4 39. Kb1 cxd3 40. Qd1 Qxe4 41. Qxh5+ Ke7 42. Rg4 Qxf5 0-1

[Event "Oberpfalz-ch M2"]
[Site "Kareth Lappersdorf"]
[Date "2008.03.18"]
[Round "7"]
[White "Egert, Stefan"]
[Black "Peutler, Mario"]
[Result "1-0"]
[WhiteElo "1750"]
[BlackElo "1625"]
[PlyCount "113"]
[EventDate "2008.03.15"]
[EventType "swiss"]
[EventRounds "8"]
[EventCountry "GER"]
[SourceTitle "EXT 2022"]
[Source "ChessBase"]
[SourceDate "2021.10.06"]
[SourceVersion "1"]
[SourceVersionDate "2021.10.06"]
[SourceQuality "1"]

1. e4 c5 2. Nc3 Nc6 3. g3 g6 4. Bg2 Bg7 5. d3 Nf6 6. f4 d6 7. Nf3 0-0 8. 0-0 Bd7 9. Bd2 Rb8 10. h3 Ne8 11. g4 e6 12. Ng5 h6 13. Nf3 Nd4 14. g5 Nxf3+ 15. Bxf3 Bc6 16. h4 f5 17. Qe1 Qd7 18. Qg3 h5 19. Be3 b5 20. e5 b4 21. Ne2 Nc7 22. d4 Bxf3 23. Qxf3 cxd4 24. Nxd4 d5 25. Nb3 Na8 26. a3 bxa3 27. Rxa3 Nb6 28. Bc5 Rf7 29. Bd6 Bf8 30. Bxb8 Bxa3 31. bxa3 Nc4 32. Bd6 Nxd6 33. exd6 Qxd6 34. Nd4 Qc5 35. Qf2 Qxa3 36. Nxe6 Re7 37. Re1 Qc3 38. Re2 a5 39. Nd4 Rxe2 40. Nxe2 Qxc2 41. Qe3 a4 42. Qe6+ Kh7 43. Qf7+ Kh8 44. Qf8+ Kh7 45. Qh6+ Kg8 46. Qxg6+ Kf8 47. Qf6+ Ke8 48. Qe5+ Kf8 49. g6 Qb1+ 50. Kh2 Qe1 51. Qxf5+ Ke7 52. Qe5+ Kf8 53. Qf6+ Ke8 54. Qf7+ Kd8 55. Qxd5+ Ke8 56. Qe6+ Kf8 57. Qf7# 1-0

[Event "Oberpfalz-ch M2"]
[Site "Windischeschenbach"]
[Date "2007.04.03"]
[Round "7"]
[White "Weszka, Peter"]
[Black "Egert, Stefan"]
[Result "0-1"]
[WhiteElo "1660"]
[BlackElo "1617"]
[PlyCount "34"]
[EventDate "2007.03.31"]
[EventType "swiss"]
[EventRounds "8"]
[EventCountry "GER"]
[SourceTitle "EXT 2022"]
[Source "ChessBase"]
[SourceDate "2021.10.06"]
[SourceVersion "1"]
[SourceVersionDate "2021.10.06"]
[SourceQuality "1"]

1. d4 Nf6 2. c4 c5 3. Nf3 e6 4. Bg5 h6 5. Bf4 b6 6. Nc3 Bb7 7. e3 Be7 8. Bd3 0-0 9. Qe2 Na6 10. a3 d6 11. h3 Qd7 12. 0-0 Rfe8 13. Rfd1 Bf8 14. Rab1 Qe7 15. Re1 Bxf3 16. Qxf3 e5 17. Ne4 exf4 0-1